Statistics for 100 colours?

Click here to take the quiz!

General Stats

  • This quiz has been taken 89 times
  • The average score is 42 of 100

Answer Stats

HintAnswer% Correct
.Black
100%
.Blue
98%
.Green
98%
.Pink
97%
.Brown
95%
.Purple
95%
.Yellow
95%
.Grey
93%
.Red
92%
.Orange
90%
.White
90%
.Gold
81%
.Violet
81%
.Silver
78%
.Beige
76%
.Lime
75%
.Indigo
73%
.Lemon
69%
.Maroon
69%
.Magenta
68%
.Lilac
63%
.Bronze
61%
.Tea
61%
.Turquoise
61%
.Rose
59%
.Mauve
58%
.Olive
58%
.Teal
58%
.Sky
56%
.Cyan
54%
.Tan
54%
.Aquamarine
53%
.Navy
53%
.Crimson
49%
.Emerald
49%
.Lavender
49%
.Cream
47%
.Scarlet
47%
.Fuchsia
46%
.Burgundy
44%
.Amber
42%
.Peach
41%
.Ruby
41%
.Salmon
41%
.Apple
39%
.Coral
37%
.Banana
36%
.Sapphire
36%
.Charcoal
34%
.Ivory
34%
.Khaki
34%
.Mint
34%
.Periwinkle
34%
.Grape
32%
.Jade
32%
.Amethyst
31%
.Azure
31%
.Cobalt
31%
.Mustard
31%
.Ocean
31%
.Taupe
31%
.Blood
29%
.Ultramarine
29%
.Wine
29%
.Chocolate
25%
.Ecru
25%
.Cerulean
24%
.Chartreuse
24%
.Slate
24%
.Carrot
22%
.Lead
22%
.Plum
22%
.Eggplant
20%
.Iris
20%
.Raspberry
20%
.Rust
20%
.Pine
19%
.Tomato
19%
.Carnation
17%
.Kelly
17%
.Lapis
17%
.Vermillion
17%
.Cornflower
15%
.Denim
15%
.Fern
15%
.Heather
15%
.Seafoam
15%
.Bubblegum
14%
.Capri
14%
.Daffodil
14%
.Orchid
14%
.Verdigris
14%
.Celeste
12%
.Folly
12%
.Heliotrope
8%
.Spring
8%
.Thistle
8%
.Xanthic
8%
.Patriarch
7%
.Peacock
7%

Score Distribution

Percentile by Number Answered

Percent of People with Each Score

Your Score History

You have not taken this quiz